[Event "SVK-chT2C 0708"]
[Site "Slovakia"]
[Date "2008.02.02"]
[Round "8.3"]
[White "Suchovsky, Eduard"]
[Black "Turna, Maros"]
[Result "1-0"]
[WhiteElo "1782"]
[BlackElo "1415"]
[PlyCount "29"]
[EventDate "2007.10.06"]
[EventType "team-tourn"]
[EventRounds "11"]
[EventCountry "SVK"]
[SourceTitle "EXT 2010"]
[Source "ChessBase"]
[SourceDate "2010.11.25"]
[SourceVersion "1"]
[SourceVersionDate "2010.11.25"]
[SourceQuality "1"]
[WhiteTeam "Banska Bystrica CVC"]
[BlackTeam "Podbrezova ZP Sport"]
[WhiteTeamCountry "SVK"]
[BlackTeamCountry "SVK"]

1. e4 c5 2. Nf3 Nc6 3. d4 cxd4 4. Nxd4 d5 5. exd5 Qxd5 6. Be3 Nf6 7. Nc3 Qd6 8. Bb5 Bd7 9. 0-0 e6 10. Nf3 Ne5 11. Nxe5 Bxb5 12. Nxb5 Qxe5 13. c4 Qxb2 14. Nc7+ Ke7 15. Bc5# 1-0